USA City Nicknames On A Map - Statistics

General Stats
  • This quiz has been taken 199 times
    49 since last reset
  • The average score is 11 of 32
Answers on the Map
Answers color-coded by a green-red scale on the quiz's map according to % correct below.
 
Answer Stats
Answer % Correct
Golden Gate City
74%
The Big Apple/The City That Never Sleeps
74%
The City Of Angels
74%
The Mile High City
74%
Windy City
74%
The Big Easy
65%
The Sin City
65%
The Twin City
65%
The City Of Brotherly Love
62%
The Gateway to the West
62%
The Steel City
62%
The Big Peach
56%
Big D.
53%
The Emerald City
47%
The Valley of the Sun
44%
The Capital Of The World/The District/Chocolate City
35%
The Cradle of Liberty
29%
Oil Capital of The World
21%
The Crossroads of America/Railroad City
12%
Camel City
6%
Soda City
6%
The Duke City
6%
The City of Trees
3%
Grind City
3%
Salt City
3%
The City Beautiful
3%
The City of Roses

3%
The Magic City
3%
The River City
3%
City in a Coma
0%
The Marble City
0%
Tree Town
0%
No matching quizzes found
Score Distribution
Percent of People with Each Score
Percentile by Number Answered
Your Score History
You have not taken this quiz since the last reset